Índice de los documentos del Monasterio de Sahagún, de la orden de San Benito, y glosario y diccionario geográfico de voces sacadas de los mismos / (Record no. 159943)

MARC details
000 -LEADER
campo de control de longitud fija 01120nam a2200241 i 4500
001 - NÚMERO DE CONTROL
campo de control 159943
003 - IDENTIFICADOR DE NÚMERO DE CONTROL
campo de control ES-MaACL
005 - FECHA Y HORA DE LA ÚLTIMA TRANSACCIÓN
campo de control 20230906211903.0
008 - DATOS DE LONGITUD FIJA--INFORMACIÓN GENERAL
campo de control de longitud fija 931025s1874 sp e |||| | spa d
110 2# - ENTRADA PRINCIPAL--NOMBRE DE ENTIDAD CORPORATIVA
Nombre de entidad corporativa o nombre de jurisdicción como elemento de entrada Monasterio de Sahagún.
9 (RLIN) 134689
245 10 - MENCIÓN DEL TÍTULO
Título Índice de los documentos del Monasterio de Sahagún, de la orden de San Benito, y glosario y diccionario geográfico de voces sacadas de los mismos /
Mención de responsabilidad, etc. publicados por el Archivo Histórico Nacional.
260 ## - PUBLICACIÓN, DISTRIBUCIÓN, ETC.
Lugar de publicación, distribución, etc. Madrid :
Nombre del editor, distribuidor, etc. [Archivo Histórico Nacional],
Fecha de publicación, distribución, etc. 1874 (
Fabricante Imp., Estereotipia y Galvanoplastia de Aribau y C.ª)
300 ## - DESCRIPCIÓN FÍSICA
Extensión XI, 690 p., [1] h. pleg. de mapa ;
Dimensiones 27 cm.
530 ## - NOTA DISPONIBLE DE FORMULARIO FÍSICO ADICIONAL
Nota de formato físico adicional disponible Disponible en formato digital.
597 ## - NOTA DE DESCRIPCIÓN FÍSICA
NOTA DE DESCRIPCIÓN FÍSICA Signaturizado.
610 24 - PUNTO DE ACCESO ADICIONAL DE MATERIA--NOMBRE DE ENTIDAD CORPORATIVA
Nombre de entidad corporativa o nombre de jurisdicción como elemento de entrada Monasterio de Sahagún-
Subdivisión de forma Historia.
9 (RLIN) 173729
610 24 - PUNTO DE ACCESO ADICIONAL DE MATERIA--NOMBRE DE ENTIDAD CORPORATIVA
Nombre de entidad corporativa o nombre de jurisdicción como elemento de entrada Archivo Histórico Nacional (España)-
Subdivisión de forma Catálogos.
9 (RLIN) 1451
710 2# - ENTRADA AGREGADA--NOMBRE DE ENTIDAD CORPORATIVA
Nombre de entidad corporativa o nombre de jurisdicción como elemento de entrada Archivo Histórico Nacional (España)
9 (RLIN) 1450
710 2# - ENTRADA AGREGADA--NOMBRE DE ENTIDAD CORPORATIVA
Nombre de entidad corporativa o nombre de jurisdicción como elemento de entrada Aribau y Cía.
9 (RLIN) 134118
752 ## - ENTRADA AGREGADA--NOMBRE JERÁRQUICO DEL LUGAR
País o entidad superior España -
Ciudad Madrid
852 4# - LOCALIZACIÓN
Ubicación ES-MaACL
Número de control de estantería F-2629
Nota libre - Enc. hol.
856 4# - LOCALIZACIÓN Y ACCESO ELECTRÓNICOS
Identificador Uniforme de Recursos <a href="http://bdh-rd.bne.es/viewer.vm?id=0000248187&page=1 ">http://bdh-rd.bne.es/viewer.vm?id=0000248187&page=1 </a>
Nota pública Biblioteca Digital Hispánica
Holdings
Estatus retirado Estado de pérdida Estado de daño No para préstamo Colección Biblioteca de origen Biblioteca actual Ubicación en estantería Fecha de adquisición Fuente de adquisición Total de préstamos Signatura topográfica completa Código de barras Visto por última vez Precio de reemplazo Tipo de ítem Koha
        Colección digital Biblioteca del Ateneo de Madrid Biblioteca del Ateneo de Madrid Depósito 2 17/01/2008     F-2629 1167441 23/02/2023 23/02/2023 Libro impreso antiguo